| 000 | 00327 a2200133 4500 | ||
|---|---|---|---|
| 001 | 89093 | ||
| 082 | _aPR 820 | ||
| 090 |
_c42041 _d42041 |
||
| 100 | _aAtiq Ur Rehman | ||
| 245 | _aFrequency diagram for F-6 compressor blade | ||
| 260 |
_aKarachi _bNED _c1982 |
||
| 300 |
_a213p. _eKhalid Hussain |
||
| 500 | _aBE Project Reports | ||
| 942 |
_aCAE NUST _kPR 820 |
||
| 999 |
_c324166 _d324166 |
||